Trauma slovenskej zahraničnej politiky

Na najvyšších miestach zahraničnej politiky sa uvažuje - hoci nesmelo - o tom, že by Slovensko mohlo zobrať do úvahy realitu a uznať nezávislosť Kosova. Bez ohľadu na to, čo si o tom politická elita na Slovensku myslí, kosovská nezávislosť je realitou západného Balkánu. Tento región patrí dlhodobo m...

Ausführliche Beschreibung

Gespeichert in:
Bibliographische Detailangaben
1. Verfasser: Lőrincz, Július
Format: Buchkapitel
Sprache:Slowakisch
Schlagworte:
Tags: Tag hinzufügen
Keine Tags, Fügen Sie das erste Tag hinzu!

MARC

LEADER 00000naa a2200000 4500
001 0123996
005 20231018093804.8
041 0 |a slo 
044 |a SK 
245 1 0 |a Trauma slovenskej zahraničnej politiky  |c Július Lőrincz 
520 |a Na najvyšších miestach zahraničnej politiky sa uvažuje - hoci nesmelo - o tom, že by Slovensko mohlo zobrať do úvahy realitu a uznať nezávislosť Kosova. Bez ohľadu na to, čo si o tom politická elita na Slovensku myslí, kosovská nezávislosť je realitou západného Balkánu. Tento región patrí dlhodobo medzi strategické priority slovenskej zahraničnej politiky. 
610 2 0 |a politika zahraničná 
610 2 0 |a politika medzinárodná 
610 2 0 |a nezávislosť 
610 2 0 |a vláda 
610 2 0 |a štát 
610 2 0 |a Slovensko 
610 2 0 |a Kosovo 
610 2 0 |a Srbsko 
100 1 |a Lőrincz, Július